Sport tourism development / (Record no. 591443)

000 -LEADER
fixed length control field 01408cam a2200397 i 4500
001 - CONTROL NUMBER
control field 20234902
005 - DATE AND TIME OF LATEST TRANSACTION
control field 20220923154903.0
008 - FIXED-LENGTH DATA ELEMENTS--GENERAL INFORMATION
fixed length control field 180101s2018 enk b 001 0 eng
010 ## - LIBRARY OF CONGRESS CONTROL NUMBER
LC control number 2017054575
020 ## - INTERNATIONAL STANDARD BOOK NUMBER
International Standard Book Number 9781845416546 (pbk : alk. paper)
020 ## - INTERNATIONAL STANDARD BOOK NUMBER
International Standard Book Number 9781845416553 (hbk : alk. paper)
020 ## - INTERNATIONAL STANDARD BOOK NUMBER
Canceled/invalid ISBN 9781845416560 (pdf)
020 ## - INTERNATIONAL STANDARD BOOK NUMBER
Canceled/invalid ISBN 9781845416577 (epub)
020 ## - INTERNATIONAL STANDARD BOOK NUMBER
Canceled/invalid ISBN 9781845416584 (kindle)
040 ## - CATALOGING SOURCE
Original cataloging agency DLC
Language of cataloging eng
Transcribing agency DLC
Description conventions rda
Modifying agency DLC
042 ## - AUTHENTICATION CODE
Authentication code pcc
050 00 - LIBRARY OF CONGRESS CALL NUMBER
Classification number G155.A1
Item number H56 2018
082 00 - DEWEY DECIMAL CLASSIFICATION NUMBER
Classification number 338.4791
Author Mark HIG
100 1# - MAIN ENTRY--PERSONAL NAME
Personal name Higham, James E. S.,
Relator term author.
9 (RLIN) 98999
245 10 - TITLE STATEMENT
Title Sport tourism development /
Statement of responsibility, etc. James Higham and Tom Hinch.
250 ## - EDITION STATEMENT
Edition statement 3rd edition.
264 #1 - PRODUCTION, PUBLICATION, DISTRIBUTION, MANUFACTURE, AND COPYRIGHT NOTICE
Place of production, publication, distribution, manufacture Bristol ;
-- Blue Ridge Summit :
Name of producer, publisher, distributor, manufacturer CHANNEL VIEW PUBLICATIONS,
Date of production, publication, distribution, manufacture, or copyright notice [2018]
300 ## - PHYSICAL DESCRIPTION
Extent xii, 287 pages ;
Dimensions 24 cm.
336 ## - CONTENT TYPE
Content type term text
Content type code txt
Source rdacontent
337 ## - MEDIA TYPE
Media type term unmediated
Media type code n
Source rdamedia
338 ## - CARRIER TYPE
Carrier type term volume
Carrier type code nc
Source rdacarrier
490 0# - SERIES STATEMENT
Series statement Aspects of Tourism ;
Volume/sequential designation 84
500 ## - GENERAL NOTE
General note Previous edition: 2011.
504 ## - BIBLIOGRAPHY, ETC. NOTE
Bibliography, etc. note Includes bibliographical references (pages [238]-280) and index.
650 #0 - SUBJECT ADDED ENTRY--TOPICAL TERM
Topical term or geographic name entry element Sports and tourism.
9 (RLIN) 99000
700 1# - ADDED ENTRY--PERSONAL NAME
Personal name Hinch, Thomas,
Relator term author.
9 (RLIN) 99001
830 #0 - SERIES ADDED ENTRY--UNIFORM TITLE
Uniform title Aspects of tourism.
9 (RLIN) 99002
906 ## - LOCAL DATA ELEMENT F, LDF (RLIN)
a 7
b cbc
c orignew
d 1
e ecip
f 20
g y-gencatlg
942 ## - ADDED ENTRY ELEMENTS (KOHA)
Source of classification or shelving scheme
Koha item type Book
Holdings
Withdrawn status Lost status Source of classification or shelving scheme Damaged status Not for loan Permanent Location Current Location Date acquired Source of acquisition Total Checkouts Full call number Barcode Date last seen Price effective from Koha item type
          Central Library (CL) Central Library (CL) 09/23/2022 Allied Book Company   338.4791 HIG CL-1146 09/23/2022 09/23/2022 Book
© 2023 Central Library, National University of Sciences and Technology. All Rights Reserved.